| 000 | 00760nam a2200289 a 4500 | ||
|---|---|---|---|
| 003 | AR-BaBNM | ||
| 005 | 20251128204402.0 | ||
| 008 | 082120s2002 ||||||||||||||000 | spa|| | ||
| 020 | _a950-07-0551-6 | ||
| 040 | _cAR-BaBNM | ||
| 100 | 1 | _aGarcía Márquez, Gabriel | |
| 245 | 0 | 0 | _aEl General en su laberinto |
| 250 | _a19ª ed. | ||
| 260 |
_aBuenos Aires _bSudamericana _c1993 |
||
| 300 | _a286 p. | ||
| 500 | _aContiene cronología de Simón Bolívar | ||
| 500 | _aMapa del último viaje de Bolívar | ||
| 650 | 4 | _aHISTORIA | |
| 650 | 4 | _aBIOGRAFIAS | |
| 653 | _aREALISMO MAGICO | ||
| 653 | _aBOOM LATINOAMERICANO | ||
| 653 | _aLITERATURA COLOMBIANA | ||
| 653 | _aNOVELA HISTORICA | ||
| 655 | _aLITERATURA | ||
| 942 | _cBK | ||
| 998 | _cisola | ||
| 999 |
_c7242 _d7242 |
||